00286nam a2200121Ia 4500008004100000041000900041082001900050100002100069245002300090260003500113300000800148650000800156230718s9999 xx 000 0 und d aEng. a346.006bMAL-C aMallim, Main Bad 0aCompanies adimance aPakistanbPayab Low hagec2004 a462 aLaw